Animal spermatozoa and environmental pollution-1 (Record no. 72812)
[ view plain ]
| 000 -LEADER | |
|---|---|
| fixed length control field | 00828nam a2200217 a 4500 |
| 001 - CONTROL NUMBER | |
| control field | 72812 |
| 003 - CONTROL NUMBER IDENTIFIER | |
| rucl marc code | BD-RjUL |
| 005 - DATE AND TIME OF LATEST TRANSACTION | |
| control field | 20211209082319.0 |
| 008 - FIXED-LENGTH DATA ELEMENTS--GENERAL INFORMATION | |
| fixed length control field | 170523s2000 bg a|||| |||| 00| 0 eng d |
| 020 ## - INTERNATIONAL STANDARD BOOK NUMBER | |
| Terms of availability | : Tk. 120.00 |
| 035 ## - SYSTEM CONTROL NUMBER | |
| System control number | (BD-RjUL)73030 |
| 040 ## - CATALOGING SOURCE | |
| Original cataloging agency | BD-RjUL |
| Language of cataloging | eng |
| Transcribing agency | BD-RjUL |
| 041 ## - LANGUAGE CODE | |
| Language code of text/sound track or separate title | eng |
| 082 ## - DEWEY DECIMAL CLASSIFICATION NUMBER | |
| Edition number | 23 |
| Classification number | 591.35 |
| Author mark and year | ANI 2000 |
| 245 00 - TITLE STATEMENT | |
| Title | Animal spermatozoa and environmental pollution-1 |
| Remainder of title | =(প্রাণী শুক্রাণু এবং পরিবেশ দূষণ-১) / |
| Statement of responsibility, etc. | M.A. Hossain ... [ et. al ] |
| 260 ## - PUBLICATION, DISTRIBUTION, ETC. (IMPRINT) | |
| Place of publication, distribution, etc. | Rajshahi : |
| Name of publisher, distributor, etc. | Spermatozoa research group, RU., |
| Date of publication, distribution, etc. | 2000. |
| 300 ## - PHYSICAL DESCRIPTION | |
| Pagination | 143 p. : |
| Illustrations | ill. ; |
| Size | 23 cm. |
| 650 ## - SUBJECT ADDED ENTRY--TOPICAL TERM | |
| Topical term or geographic name as entry element | Spermatogenesis in animals |
| 9 (RLIN) | 215363 |
| Topical term or geographic name as entry element | প্রাণীদের মধ্যে স্পার্মাটোজেনেসিস |
| 9 (RLIN) | 215364 |
| 942 ## - ADDED ENTRY ELEMENTS (KOHA) | |
| Source of classification or shelving scheme | Dewey Decimal Classification |
| Koha item type | Books |
| Lost status | Source of classification or shelving scheme | Damaged status | Not for loan | Collection code | Permanent Location | Current Location | Shelving location | Date acquired | Source of acquisition | Cost, normal purchase price | Total Checkouts | Full call number | Date last seen | Copy number | Koha item type |
|---|---|---|---|---|---|---|---|---|---|---|---|---|---|---|---|
| Dewey Decimal Classification | Not For Loan | Non-fiction | Central Library, University of Rajshahi | Central Library, University of Rajshahi | Reading Room | 31/05/2001 | Prof. Altaf Hossain, RU. | 120.00 | 591.35 ANI 2000 | 23/05/2017 | C-1 | Books | |||
| Dewey Decimal Classification | Non-fiction | Central Library, University of Rajshahi | Central Library, University of Rajshahi | 31/05/2001 | Prof. Altaf Hossen | 120.00 | 591.35 ANI 2000 | 27/05/2017 | C-2 | Books | |||||
| Dewey Decimal Classification | Non-fiction | Central Library, University of Rajshahi | Central Library, University of Rajshahi | 31/05/2001 | Prof. Altaf Hossen | 120.00 | 591.35 ANI 2000 | 27/05/2017 | C-3 | Books | |||||
| Dewey Decimal Classification | Non-fiction | Central Library, University of Rajshahi | Central Library, University of Rajshahi | 09/12/2021 | Prof. Altaf Hossen | 120.00 | 591.35 ANI 2000 | 27/05/2017 | C-4 | Books | |||||
| Dewey Decimal Classification | Non-fiction | Central Library, University of Rajshahi | Central Library, University of Rajshahi | 31/05/2001 | Prof. Altaf Hossen | 120.00 | 591.35 ANI 2000 | 27/05/2017 | C-5 | Books | |||||
| Dewey Decimal Classification | Non-fiction | Central Library, University of Rajshahi | Central Library, University of Rajshahi | 31/05/2001 | Prof. Altaf Hossen | 120.00 | 591.35 ANI 2000 | 27/05/2017 | C-6 | Books | |||||
| Dewey Decimal Classification | Non-fiction | Central Library, University of Rajshahi | Central Library, University of Rajshahi | 31/05/2001 | Prof. Altaf Hossen | 120.00 | 591.35 ANI 2000 | 27/05/2017 | C-7 | Books | |||||
| Dewey Decimal Classification | Non-fiction | Central Library, University of Rajshahi | Central Library, University of Rajshahi | 31/05/2001 | Prof. Altaf Hossen | 120.00 | 591.35 ANI 2000 | 27/05/2017 | C-8 | Books | |||||
| Dewey Decimal Classification | Non-fiction | Central Library, University of Rajshahi | Central Library, University of Rajshahi | 31/05/2001 | Prof. Altaf Hossen | 120.00 | 591.35 ANI 2000 | 07/03/2019 | C-9 | Books |